Mixed Word: Pie Eating Contest Quiz Stats

 Plays Quiz Updated Oct 14, 2016

Challenge
Share
Tweet
Embed
Score 0/16 Timer 04:00
1 Play Today
Hint Answer % Correct
EYK ELMIKEY LIME
98.6%
KNPUPIMPUMPKIN
97.3%
NABNAA MRACEBANANA CREAM
96.6%
PEALPAPPLE
96.2%
RLYBUREBEBLUEBERRY
94.5%
YCRHERCHERRY
94.2%
BKRCYRLAEBBLACKBERRY
92.6%
OCTUNCO MRACECOCONUT CREAM
91.4%
Hint Answer % Correct
ESWTE OPTOATSWEET POTATO
90.6%
YSTRBRWRAE RBHRUBASTRAWBERRY RHUBARB
90.4%
APCENPECAN
89.4%
MECIN MTEAMINCE MEAT
84.2%
PRSRYBREARASPBERRY
83.9%
SONBOT RMECABOSTON CREAM
79.6%
NELMO EMEUGRNILEMON MERINGUE
76%
FOSYHLOSHOOFLY
32.8%

You're not logged in!

Compare scores with friends on all Sporcle quizzes.
Join for Free
OR
Log In

You Might Also Like...

Show Comments

Extras

Top Quizzes Today


Score Distribution

Your Account Isn't Verified!

In order to create a playlist on Sporcle, you need to verify the email address you used during registration. Go to your Sporcle Settings to finish the process.

Report this User

Report this user for behavior that violates our Community Guidelines.

Details: